000
00352nam a22001337a 4500
003
SGT
020
_a
9788195172122
082
_a
891.4309
_b
N21K
100
_a
कुमार, शैलेन्द्र
245
_a
नामघर
260
_b
सभ्यता अध्ययन केंद्र
_c
2021
300
_a
182
942
_2
ddc
_c
BK
999
_c
30854
_d
30854